000 00537nam a2200181Ia 4500
005 20250508153711.0
008 008 250505s9999 xx 000 0 eng d
037 _aTextual
040 _aFEDL
_beng
_cFEDL
041 _aeng
_2eng
084 _a372.2412, RUD
_qFEDL
100 _aRudolph Marguerita
_9758961
245 0 _aLiving and learning in nursery school
260 _aNew York, USA
_bHarper and Brothers Publishers
_c1954
300 _axiii,174p.
942 _cTEXL
_h372.2412, RUD
999 _c1344842
_d1344842